000 01473nam0a2200337 4500
001 RU\NLR\bibl\897971
005 20260526174204.0
010 _a5-02-033890-7
_bМосква
010 _a5-02-027045-8
_91500
_bС.-Петербург
021 _aRU
_b2005-80538
_93978
035 _a(NLR Aleph) 000886425
090 _a1691183
_c1691183
100 _a20060119d2005 k y0rusy50 ca
101 1 _arus
102 _aRU
105 _aa |||||||||
200 1 _aСмерть Артура
_e[роман]
_fТомас Мэлори
_gизд. подгот. И. М. Бернштейн [и др.
_gпер., примеч. И. М. Бернштейна
_gРос. акад. наук]
205 _aРепр.
210 _aМосква
_aСанкт-Петербург
_cНаука
_d2005
215 _a899 с.
_cил.
_d22
225 1 _aЛитературные памятники
_eЛП
_fредкол.: ...Д. С. Лихачев (пред.) [и др.]
320 _aУказ. имен.: с. 868-875
604 _1700#1$aМэлори$gТомас$bТ.$fок. 1417 - 1471
_150010$a"Смерть Артура"$2nlr_sh2$3RU\NLR\AUTH\66756381
_aМэлори, Томас (ок. 1417 - 1471)
_t"Смерть Артура"
_91699597
_3RU\NLR\AUTH\66756381
686 _aШ5(4Вл)423-4Мэлори 534
700 1 _aМэлори
_bТ.
_gТомас
_4070
801 0 _aRU
_bNLR
_c20060119
_grcr
801 1 _aRU
_bNLR
_c20060119
942 _cBOOK
980 _aNB